sanah - Ale jazz! - Statystyki

Ogólne statystyki
  • Ten quiz został rozwiązany 99 razy
  • Średni wynik to 113 z 161
Statystyki odpowiedzi
Odpowiedź % Poprawnych
A
98%
a
98%
Ja
98%
jazz!
98%
ale
97%
Ale
97%
na
97%
Na
97%
uśmiechnięta
97%
deszcz
95%
deszcz...
95%
pada
95%
Hardkorowo
94%
ma
89%
w
89%
maksa
88%
o
88%
Tak
88%
tak
88%
i
86%
łagodnie
83%
też
83%
wieje
81%
nie
78%
Nie
78%
mi
75%
Błyska
73%
Gdzie
72%
gdzie
72%
gdzieś
69%
się
69%
czuję
67%
Me
67%
mej
67%
To
67%
to
67%
dłoni
66%
dreszcz
66%
mnie
66%
Dziś
64%
cappuccino
63%
niesłodzone
63%
ze
63%
będę
61%
co
61%
dzisiaj
61%
Kawka
61%
towarzyszy
61%
wynos
61%
inny
59%
już
59%
już?
59%
Moje
59%
oczy
59%
szanse
59%
Szekspirowski
59%
błyszczą
58%
chodzi
58%
dzban
58%
pić
58%
sama
58%
teraz
58%
był
56%
fit
56%
kawkę
56%
Ooo
56%
sznyt
56%
kolo
55%
Romeo
55%
śnił
55%
ty
55%
Ty
55%
woli
55%
być
53%
całe
53%
głowie
53%
insta
53%
miała
53%
noce
53%
happy
52%
narzekałam
52%
ten
52%
wiem
52%
Codziennie
50%
dalej
50%
end
50%
luz
50%
mu
50%
Widzę
50%
Jeszcze
48%
przyszła
48%
8
47%
mam
47%
wznieść
47%
chciało
45%
blues!
44%
pytam
44%
lubisz
42%
czuć
41%
siły
41%
chodzisz
39%
poznałem
39%
vibrato
39%
Czy
27%
chłód
23%
Nie znaleziono quizów pasujących do podanych kryteriów
Rozkład punktacji
Procent ludzi z każdym wynikiem
Percentyl według liczby udzielonych odpowiedzi
Twoja historia wyników
Nie rozwiązałeś tego quizu